000 00720nam a2200229Ia 4500
001 10274
003 GE_BSU
008 181216s||||||||xx |||||||||||||| ||und||
040 _cGE_BSU
080 _a821.353.1-1
100 _aტაბიძე, გალაკტიონ
245 _aCrane aux fleurs artistiques(1941-1919)
245 _bლექსები
245 _cრედ:აკ.ხინთიბიძე;მხატვ.რედ:გ.ხოჯაშვილი
250 _aMCMIX [1919] ტფილისი
260 _aბათუმი.
260 _bსაბჭ.აჭარა.
260 _c1974
300 _a179გვ;21სმ.
653 _aლექსები
942 _cBK
999 _c43543
_d43543